Statistics for 广东省主要民族 Main ethnic groups in Guangdong Province

Click here to take the quiz!

General Stats

  • This quiz has been taken 126 times
  • The average score is 8 of 11

Answer Stats

户籍人口/万民族% Correct
9560.2汉族
100%
33.6壮族
91%
5回族
86%
5.3苗族
77%
25.2瑶族
71%
6.9满族
68%
8.1土家族
66%
4.7畲族
66%
2.5蒙古族
65%
2.8侗族
57%
2.5朝鲜族
33%

Score Distribution

Percentile by Number Answered

Percent of People with Each Score

Your Score History

You have not taken this quiz